Normal view
MARC view
- Fischer-Wolfarth J. (Editor)
Entry Personal Name
001 - CONTROL NUMBER
- control field: 197701
003 - CONTROL NUMBER IDENTIFIER
- control field: OSt
005 - DATE AND TIME OF LATEST TRANSACTION
- control field: 20230714215321.0
008 - FIXED-LENGTH DATA ELEMENTS
- fixed length control field: 230714|| aca||aabn | a|a d
040 ## - CATALOGING SOURCE
- Original cataloging agency: OSt
- Transcribing agency: OSt
100 ## - HEADING--PERSONAL NAME
- Personal name: Fischer-Wolfarth J. (Editor)
670 ## - SOURCE DATA FOUND
- Source citation: Work cat.: (OSt)215641: Fischer-Wolfarth J. (Editor), Advanced Microsystems For Automotive Applications 2014, 2014